LEADER 01731nam 2200385 n 450 001 996394704803316 005 20200824120719.0 035 $a(CKB)3810000000010602 035 $a(EEBO)2264190786 035 $a(UnM)99844387e 035 $a(UnM)99844387 035 $a(EXLCZ)993810000000010602 100 $a19910823d1547 uy | 101 0 $aeng 135 $aurbn||||a|bb| 200 10$aIniunccions geue[n] by the moste excellent prince, Edward the sixte$b[electronic resource] $eby the grace of God, kyng of England, Frau[n]ce, and Irelande: defendor of the faythe, and in earthe vnder Christ, of the churche of Englande and of Ireland the supreme hedde: to all and singuler his louyng subiectes, aswell of the clergie, as of the laietie 210 $aImprinted at London $cThe laste daie of Iulii, in the first yere of the reigne of our Sovereigne Lord King Edvvard the. VI. by Richard Grafton printer to His Most Royall Maiestie$dAnno. 1547 215 $a[28] p 300 $aAn edition of: Injunccions geven by the kynges majestie. 300 $aImprint from colophon. 300 $ab4r has catchword: 'Testament' (no stop), and line 5 ends: 'otherwyse .. and'. 300 $aSignatures: a-c⁴ d² . 300 $aReproduction of the original in the British Library. 330 $aeebo-0216 607 $aGreat Britain$xChurch history$y16th century 700 $aChurch of England$01004974 701 $aEdward$cKing of England,$f1537-1553.$01002269 801 0$bCu-RivES 801 1$bCu-RivES 801 2$bCStRLIN 801 2$bWaOLN 906 $aBOOK 912 $a996394704803316 996 $aIniunccions geue by the moste excellent prince, Edward the sixte$92309407 997 $aUNISA LEADER 01797nas 2200577-a 450 001 9910133186803321 005 20240413022453.0 011 $a1813-8047 035 $a(CKB)110978977561765 035 $a(CONSER)---91648807- 035 $a(EXLCZ)99110978977561765 100 $a19810918b19802013 --- a 101 0 $aeng 181 $ctxt$2rdacontent 182 $cc$2rdamedia 183 $acr$2rdacarrier 200 00$aBiology international $ethe news magazine of the International Union of Biological Sciences (IUBS) 210 $aParis $cThe Union$d1980-2013 215 $a1 online resource 300 $aTitle from cover. 311 $aPrint version: Biology international : (DLC) 91648807 (DLC)sn 87012844 (OCoLC)7770429 0253-2069 531 $aBIOLOGY INTERNATIONAL IUBS NEWSMAGAZINE 531 $aBIOL INT 531 0 $aBiol. int. 606 $aBiology$vPeriodicals 606 $aLife sciences 606 $aBiological Science Disciplines 606 $aBiologie$vPriodiques 606 $aSciences de la vie 606 $abiological sciences$2aat 606 $aLife sciences$2fast$3(OCoLC)fst00998323 606 $aBiology$2fast$3(OCoLC)fst00832383 606 $aBiologie$2gtt 608 $aPeriodical. 608 $aPeriodicals.$2fast 615 0$aBiology 615 0$aLife sciences. 615 12$aBiological Science Disciplines. 615 6$aBiologie 615 6$aSciences de la vie. 615 7$abiological sciences. 615 7$aLife sciences. 615 7$aBiology. 615 17$aBiologie. 676 $a574/.05 712 02$aInternational Union of Biological Sciences. 906 $aJOURNAL 912 $a9910133186803321 920 $aexl_impl conversion 996 $aBiology international$91944651 997 $aUNINA